LEADER 01436nam0 22003733i 450 001 UFI0182838 005 20231121125905.0 100 $a20151203d1966 ||||0itac50 ba 101 | $aita$cger 102 $ait 181 1$6z01$ai $bxxxe 182 1$6z01$an 200 1 $aCritica del testo$fPaul Maas$gtraduzione dal tedesco di Nello Martinelli$gcon presentazione di Giorgio Pasquali 205 $a2. ed 210 $aFirenze$cF. Le Monnier$d1966 215 $aXVI, 62 p.$d19 cm 225 | $aBibliotechina del Saggiatore$v9 300 $aTit. orig.: Textkritik - Ristampa 410 0$1001CFI0001311$12001 $aBibliotechina del Saggiatore$v9 500 10$aTextkritik$3RAV1999014$9LO1V035851$919126 606 $aCritica del testo$2FIR$3RMLC004720$9N 676 $a801.959$9Critica testuale$v21 700 1$aMaas$b, Paul$3LO1V035851$4070$0163955 702 1$aPasquali$b, Giorgio$f <1885-1952>$3CFIV032467 702 1$aMartinelli$b, Nello$3SBLV144433 790 1$aPasquali$b, Georgius$f <1885-1952>$3CFIV231308$zPasquali, Giorgio <1885-1952> 801 3$aIT$bIT-01$c20151203 850 $aIT-FR0017 899 $aBiblioteca umanistica Giorgio Aprea$bFR0017 $eN 912 $aUFI0182838 950 0$aBiblioteca umanistica Giorgio Aprea$d 52DFV A 422$e 52BUN0000106555 VMB RS $fA $h20151203$i20151203 977 $a 52 996 $aTextkritik$919126 997 $aUNICAS LEADER 03178nam 22006735 450 001 9911021976003321 005 20250820130248.0 010 $a3-031-97173-6 024 7 $a10.1007/978-3-031-97173-0 035 $a(CKB)40401987000041 035 $a(MiAaPQ)EBC32268173 035 $a(Au-PeEL)EBL32268173 035 $a(DE-He213)978-3-031-97173-0 035 $a(OCoLC)1534146905 035 $a(EXLCZ)9940401987000041 100 $a20250820d2025 u| 0 101 0 $aeng 135 $aur||||||||||| 181 $ctxt$2rdacontent 182 $cc$2rdamedia 183 $acr$2rdacarrier 200 10$aCellular Architecture and Dynamics in Female Meiosis /$fedited by Binyam Mogessie 205 $a1st ed. 2025. 210 1$aCham :$cSpringer Nature Switzerland :$cImprint: Springer,$d2025. 215 $a1 online resource (337 pages) 225 1 $aBiomedical and Life Sciences Series 311 08$a3-031-97172-8 327 $aCytoskeletal organization and dynamics in female meiosis and early embryogenesis structure and dynamics in mammalian oocytes -- Conserved functions of Mos-MAPK in oocyte meiosis -- What are the fitness costs of centromere drive? -- Cell cycle regulation of vertebrate female meiotic divisions -- Preserving genomic integrity during female meiosis: Detecting, repairing, and responding to maternal DNA damage -- Canonical and non-canonical roles of the nucleolus in relation to nucleolar function in oocyte meiosis -- Breaking trends: large animal models to study spindle assembly and chromosome segregation in human oocytes -- Aurora kinases: a summary of mouse genetic models used to distinguish their roles in oocyte meiosis and female fertility -- Meiotic spindle organization and function in Drosophila female oocytes. 330 $aThis book brings together a diverse and exciting group of emerging and leading experts in female meiosis, each contributing a chapter that summarizes seminal recent progresses in their area of specialty. With various meiosis topics ranging from cytoskeletal function in worms to studies of oocyte meiosis in large mammals, this collection is intended for fundamental cell biologists interested the basic mechanisms of cell division and differentiation. 410 0$aBiomedical and Life Sciences Series 606 $aCytology 606 $aReproductive health 606 $aCytoskeleton 606 $aCell division 606 $aFertility, Human 606 $aCell Biology 606 $aReproductive Medicine 606 $aCytoskeleton 606 $aCell Division 606 $aFertility 615 0$aCytology. 615 0$aReproductive health. 615 0$aCytoskeleton. 615 0$aCell division. 615 0$aFertility, Human. 615 14$aCell Biology. 615 24$aReproductive Medicine. 615 24$aCytoskeleton. 615 24$aCell Division. 615 24$aFertility. 676 $a571.6 700 $aMogessie$b Binyam$01845386 801 0$bMiAaPQ 801 1$bMiAaPQ 801 2$bMiAaPQ 906 $aBOOK 912 $a9911021976003321 996 $aCellular Architecture and Dynamics in Female Meiosis$94429228 997 $aUNINA